Memoria

Zapisane w:
Opis bibliograficzny
1. autor: Brenes, Jorge
Korporacja: Banco Popular. Asamblea de Trabajadores
Format: Texto
Wydane: San José: Banco Popular y de Desarrollo Comunal
Hasła przedmiotowe:
Etykiety: Dodaj etykietę
Nie ma etykietki, Dołącz pierwszą etykiete!

MARC

LEADER 00000 a a2200000 04500
001 33125
003
040
090 |a 206600  |b RECURSO ELECTRONICO  
100 |a Brenes, Jorge  
110 |a Banco Popular. Asamblea de Trabajadores  
245 |a Memoria  
260 |a San José:   |b Banco Popular y de Desarrollo Comunal  
500 |a El disco contiene: archivos en pdf sobre la memoria del foro, Pautas y Orientaciones Generales   |a video documental y un organigrama  
650 |a BANCO DE DESARROLLO  
650 |a CONFERENCIAS  
650 |a DESARROLLO ECONOMICO Y SOCIAL  
650 |a MERCADO FINANCIERO  
650 |a COSTA RICA  
999 |c 9902  |d 9902